Cuba (Record no. 161038)

MARC details
000 -LEADER
campo de control de longitud fija 00621nam a22001695i 4500
001 - NÚMERO DE CONTROL
campo de control 161038
003 - IDENTIFICADOR DE NÚMERO DE CONTROL
campo de control ES-MaACL
005 - FECHA Y HORA DE LA ÚLTIMA TRANSACCIÓN
campo de control 20230906212201.0
008 - DATOS DE LONGITUD FIJA--INFORMACIÓN GENERAL
campo de control de longitud fija 010727s1895 sp |||| | spa d
040 ## - FUENTE DE CATALOGACIÓN
Centro catalogador/agencia de origen CCPB | B
Lengua de catalogación spa
Centro/agencia transcriptor CCPB | B
100 1# - ENTRADA PRINCIPAL--NOMBRE DE PERSONA
Nombre de persona Ordax Avecilla, Federico.
9 (RLIN) 130668
245 10 - MENCIÓN DEL TÍTULO
Título Cuba
Resto del título : antecedentes, reformas y estado actual /
Mención de responsabilidad, etc. por Federico Ordax.
260 ## - PUBLICACIÓN, DISTRIBUCIÓN, ETC.
Lugar de publicación, distribución, etc. Madrid :
Nombre del editor, distribuidor, etc. [s.n.],
Fecha de publicación, distribución, etc. 1895 (
Fabricante imprenta de Diego Pacheco Latorre)
300 ## - DESCRIPCIÓN FÍSICA
Extensión 28 p. ;
Dimensiones 17 cm.
651 #4 - PUNTO DE ACCESO ADICIONAL DE MATERIA--NOMBRE GEOGRÁFICO
Nombre geográfico Cuba-
Subdivisión general Historia.
9 (RLIN) 8094
852 ## - LOCALIZACIÓN
Ubicación ES-MaACL
Número de control de estantería T-878-F-5
Nota libre -- Enc. hol. conservando la cub. original
-- -- Enc. en un vol. facticio
Holdings
Estatus retirado Estado de pérdida Estado de daño No para préstamo Colección Biblioteca de origen Biblioteca actual Ubicación en estantería Fecha de adquisición Total de préstamos Signatura topográfica completa Código de barras Visto por última vez Precio de reemplazo Tipo de ítem Koha
        Colección de folletos Biblioteca del Ateneo de Madrid Biblioteca del Ateneo de Madrid Depósito folletos 17/01/2008   T-878-F-5 1168672 23/02/2023 23/02/2023 Folleto